000 01216nam a2200253 a 4500
003 CO-ViMGA
005 20230915233126.0
008 090803s2008 ck a gr 00010 spa d
020 _a9789587191233
040 _aCO-ViMGA
_bspa
_cCO-ViMGA
082 0 4 _a662.88
_bF67b
_221
111 2 _aForo Biocombustibles en Colombia a debate (
_d2008 :
_cBogotá)
_92854
245 1 4 _aLos biocombustibles en Colombia a debate :
_bmemorias /
_cForo biocombustibles en Colombia a debate, Bogotá 2008 ; compiladores Tomás León Sicard y Stefania Gallini ; Simón Uribe Martínez ... [et al.].
260 3 _aBogotá :
_bUniversidad Nacional de Colombia :
_bColciencias :
_bCámara de Representantes,
_c2008.
300 _a229 p. :
_bil. ;
_c23 cm.
504 _aIncluye bibliografías.
650 6 _aCombustibles vegetales
_v Congresos, conferencias, etc.
_92855
650 6 _aDesarrollo sostenible
_x Aspectos ambientales
_v Congresos, conferencias, etc.
_92857
650 6 _aGestión ambiental
_x Aspectos políticos
_v Congresos, conferencias, etc.
_92856
700 1 _aGallini, Stefania,
_ecomp.
_92859
700 1 _aLeón Sicard, Tomás Enriquecomp.
_92858
700 1 _aUribe Martínez, Simón.
_92860
942 _2ddc
_cBK
999 _c35368
_d35368